[Event "Vaujany op-A 7th"]
[Site "Vaujany"]
[Date "2016.07.23"]
[Round "8"]
[White "Dudognon, Thibault"]
[Black "Schmitt, Gregory"]
[Result "1-0"]
[WhiteElo "2158"]
[BlackElo "1987"]
[PlyCount "71"]
[EventDate "2016.07.16"]
[EventType "swiss"]
[EventRounds "9"]
[EventCountry "FRA"]
[SourceTitle "EXT 2019"]
[Source "ChessBase"]
[SourceDate "2018.10.10"]
[SourceVersion "1"]
[SourceVersionDate "2018.10.10"]
[SourceQuality "1"]

1. e4 b6 2. d4 Bb7 3. Bd3 Nf6 4. Qe2 e6 5. Nf3 d5 6. e5 Ne4 7. Nbd2 Nxd2 8. Bxd2 c5 9. c3 Be7 10. a3 h6 11. 0-0 Qc8 12. b4 Ba6 13. b5 c4 14. Bxc4 dxc4 15. bxa6 Qc6 16. d5 Qxd5 17. Rfd1 Qc6 18. Nd4 Qc8 19. Qg4 g6 20. Qf3 Nd7 21. Nb5 0-0 22. Bxh6 Nxe5 23. Qe4 Nd3 24. Bxf8 Bxf8 25. a4 Rb8 26. Ra2 f5 27. Qf3 Qd7 28. Qg3 Rd8 29. Qxg6+ Bg7 30. Re2 e5 31. Rxe5 Nxe5 32. Rxd7 Rxd7 33. Qe6+ Kh8 34. Qe8+ Kh7 35. Qh5+ Kg8 36. f4 1-0

[Event "Vaujany op-A 7th"]
[Site "Vaujany"]
[Date "2016.07.20"]
[Round "5"]
[White "Schmitt, Gregory"]
[Black "Bandet, Raphael"]
[Result "0-1"]
[WhiteElo "1987"]
[BlackElo "2156"]
[PlyCount "71"]
[EventDate "2016.07.16"]
[EventType "swiss"]
[EventRounds "9"]
[EventCountry "FRA"]
[SourceTitle "EXT 2019"]
[Source "ChessBase"]
[SourceDate "2018.10.10"]
[SourceVersion "1"]
[SourceVersionDate "2018.10.10"]
[SourceQuality "1"]

1. b3 e5 2. Bb2 Nc6 3. e3 d6 4. Bb5 Bd7 5. Nf3 a6 6. Bxc6 Bxc6 7. d4 e4 8. Nfd2 Qg5 9. 0-0 Nf6 10. c4 d5 11. Qe2 Bd6 12. f4 exf3 13. Nxf3 Qh5 14. Nc3 Ne4 15. Qc2 Nxc3 16. Bxc3 dxc4 17. e4 cxb3 18. axb3 0-0 19. d5 Bb5 20. Rfe1 c6 21. Rad1 Rad8 22. Kh1 Bg3 23. Ba5 Rd7 24. Bb4 Rfd8 25. Re3 Bf4 26. Rc3 cxd5 27. Rc8 Bc6 28. Rxd8+ Rxd8 29. Qc5 h6 30. h3 Bd6 31. Qb6 Rd7 32. Bxd6 Rxd6 33. Qc5 Rf6 34. Rf1 b6 35. Qe7 dxe4 36. Qd8+ 0-1

[Event "Lorraine-ch"]
[Site "Hayange"]
[Date "2013.05.20"]
[Round "6"]
[White "Schmitt, Gregory"]
[Black "Steininger, Denis"]
[Result "0-1"]
[WhiteElo "2015"]
[BlackElo "1980"]
[PlyCount "71"]
[EventDate "2013.05.17"]
[EventType "swiss"]
[EventRounds "7"]
[EventCountry "FRA"]
[SourceTitle "EXT 2014"]
[Source "ChessBase"]
[SourceDate "2013.11.20"]
[SourceVersion "1"]
[SourceVersionDate "2013.11.20"]
[SourceQuality "1"]

1. c4 e5 2. g3 f5 3. Nc3 Nf6 4. Nf3 Nc6 5. d4 e4 6. Nh4 g6 7. Bg5 Bb4 8. a3 Bxc3+ 9. bxc3 0-0 10. Ng2 Na5 11. e3 Kg7 12. Nf4 h6 13. Bxf6+ Rxf6 14. Be2 Qg8 15. d5 d6 16. Rb1 Qe8 17. 0-0 b6 18. c5 dxc5 19. Bb5 Qe5 20. Qa4 Qxc3 21. Bd7 Qc4 22. Rb4 cxb4 23. Bxc8 c6 24. Be6 b3 25. Qb4 Qxb4 26. axb4 Nc4 27. dxc6 Rxe6 28. Nxe6+ Kf6 29. Nd4 Nd2 30. Nxb3 Nxb3 31. Rd1 Ke6 32. Rd7 a5 33. Rg7 a4 34. c7 a3 35. Rxg6+ Kd7 36. Rxb6 0-1

[Event "Lorraine-ch"]
[Site "Hayange"]
[Date "2013.05.19"]
[Round "4"]
[White "Schmitt, Gregory"]
[Black "Traskos, Dominique"]
[Result "1-0"]
[WhiteElo "2015"]
[BlackElo "1737"]
[PlyCount "43"]
[EventDate "2013.05.17"]
[EventType "swiss"]
[EventRounds "7"]
[EventCountry "FRA"]
[SourceTitle "EXT 2014"]
[Source "ChessBase"]
[SourceDate "2013.11.20"]
[SourceVersion "1"]
[SourceVersionDate "2013.11.20"]
[SourceQuality "1"]

1. c4 Nf6 2. g3 c6 3. Bg2 d5 4. d4 Bf5 5. Nc3 e6 6. Nf3 Nbd7 7. cxd5 cxd5 8. 0-0 a6 9. h3 Be7 10. g4 Bg6 11. Bf4 Ne4 12. Rc1 Rc8 13. Qb3 b5 14. Ne5 Nxe5 15. Nxe4 Rxc1 16. Rxc1 Nc4 17. Nc5 Qb6 18. Qg3 0-0 19. b3 Bxc5 20. dxc5 Qxc5 21. bxc4 dxc4 22. Bd6 1-0